Možnosti navrhovania regulačných diagramov v štatistickej regulácii procesu

Gespeichert in:
Bibliographische Detailangaben
1. Verfasser: Terek, Milan
Weitere Verfasser: Hrnčiarová, Ľubica, Lišková, Iveta
Format: Buchkapitel
Sprache:Slowakisch
Tags: Tag hinzufügen
Keine Tags, Fügen Sie das erste Tag hinzu!

MARC

LEADER 00000nla$a2200000$$$4500
001 0062922
005 20240502071721.3
041 0 |a slo 
044 |a SK 
245 1 0 |a Možnosti navrhovania regulačných diagramov v štatistickej regulácii procesu  |c Milan Terek, Ľubica Hrnčiarová, Iveta Lišková 
100 1 |a Terek, Milan 
700 1 |a Hrnčiarová, Ľubica 
700 1 |a Lišková, Iveta